Music Quiz

Random Music Quiz
Score 0/55 Timer 10:00
0 Plays Today
% Correct
Somewhere Only We Know
96.7%
Everybody's Changing
90.2%
Perfect Symmetry
89.9%
Bedshaped
88.4%
Crystal Ball
88.2%
Bend and Break
84.9%
Spiralling
83.7%
Is It Any Wonder?
82.4%
Atlantic
81.7%
Sovereign Light Café
81.7%
The Frog Prince
79.4%
Untitled 1
78.6%
Hamburg Song
76.9%
Nothing in My Way
74.9%
This Is the Last Time
73.6%
The Lovers Are Losing
73.1%
Silenced By The Night
70.6%
She Has No Time
70.4%
Disconnected
70.4%
We Might as Well Be Strangers
69.8%
A Bad Dream
69.8%
Sunshine
69.6%
The Iron Sea
67.3%
Broken Toy
67.1%
Sea Fog
65.6%
You Are Young
65.1%
Can't Stop Now
64.8%
Try Again
63.8%
% Correct
Stop for a Minute
63.8%
Neon River
62.3%
Leaving So Soon?
61.6%
My Shadow
59.3%
Your Eyes Open
58.8%
Love Is the End
58.8%
Black Burning Heart
58.5%
On the Road
58.5%
Again and Again
57%
Put It Behind You
55.5%
The Starting Line
55.5%
Black Rain
55.5%
Watch How You Go
53.8%
Better Than This
52.5%
Pretend That You're Alone
51.5%
On a Day Like Today
51.3%
You Haven't Told Me Anything
48.7%
Playing Along
47.2%
Ishin Denshin (You've Got to Help Yourself)
46.5%
Your Love
46.5%
You Don't See Me
44.7%
House Lights
44.5%
Back in Time
44.5%
Looking Back
44%
Clear Skies
43.2%
Day Will Come
42.5%
In Your Own Time
42.5%
Remove Ads.
Support Sporcle.
Get the best of Sporcle when you Go Orange. This ad-free experience offers more features, more stats, and more fun while also helping to support Sporcle. Thank you for becoming a member.

You're not logged in!

Compare scores with friends on all Sporcle quizzes.
OR
Log In

Show Comments

Extras

Created Jul 17, 2012ReportNominate
Tags:Discography, keane

Top Quizzes Today


Score Distribution

Your Account Isn't Verified!

In order to create a playlist on Sporcle, you need to verify the email address you used during registration. Go to your Sporcle Settings to finish the process.

Report this User

Report this user for behavior that violates our Community Guidelines.

Details: